Score 0/19 Timer 05:00
3 Plays Today
% Correct
Cars
97.5%
Pirates of the Caribbean: Dead Man's Chest
97.3%
The Devil Wears Prada
96.2%
The Queen
96.1%
Dreamgirls
95.5%
Pan's Labyrinth
91.5%
Little Miss Sunshine
90.4%
Flags of Our Fathers
88.6%
Blood Diamond
88.2%
The Departed
85.8%
% Correct
Apocalypto
77.4%
The Prestige
76.9%
United 93
75%
Children of Men
69.4%
An Inconvenient Truth
66.2%
Notes on a Scandal
60%
Babel
59.1%
Letters from Iwo Jima
49.9%
Little Children
47.7%
Remove Ads.
Support Sporcle.
Get the best of Sporcle when you Go Orange. This ad-free experience offers more features, more stats, and more fun while also helping to support Sporcle. Thank you for becoming a member.

You're not logged in!

Compare scores with friends on all Sporcle quizzes.
OR
Log In

Show Comments

Extras

Top Quizzes Today


Score Distribution

Your Account Isn't Verified!

In order to create a playlist on Sporcle, you need to verify the email address you used during registration. Go to your Sporcle Settings to finish the process.

Report this User

Report this user for behavior that violates our Community Guidelines.

Details: